00462nam a2200169Ia 450000500170000000800410001702000180005804100080007608200150008410000140009924500530011326000480016630000080021450000280022265000280025070000140027820251121145355.0230125s9999 xx 000 0 und d a9789380592329 aeng a158.1bSHA aShankar R a25 Ways to Improve Your LifebTransform Yourself c2015bSri Sri Publications TrustaBangalore a96p aPersonality Development aPersonality Development aShankar R